00539nam a2200121 a 450000100100000000500170001000800410002704000250006824501860009326000660027930000200034560000520036500002721420240409073641.0110330s1960 dr 000 0 spa d aDO-SdBNPbspacBNPHU00aMensaje que al generalisimo Dr. Rafael L. Trujillo Molina, benefactor de la Patria Nueva dirigen los profesionales universitarios dominicanos exponiendole su pensamiento político. aCiudad Trujillo, República Dominicana :bDel Caribe,c1960. a58 p. ;c24 cm.10aTrujillo Molina, Rafael Leónidas,d 1891-1961